Guess the lyrics (#6) - Statistics

General Stats
  • This quiz has been taken 2,062 times
  • The average score is 94 of 266
Answer Stats
Answer % Correct
I
98%
you
91%
You
91%
the
90%
love
83%
me
75%
to
74%
And
72%
and
72%
be
71%
we
68%
go
64%
No
64%
in
62%
your
60%
my
57%
So
56%
so
56%
will
49%
of
47%
Don't
46%
don't
46%
that
44%
if
40%
I'm
36%
too
36%
with
36%
you're
35%
You're
35%
but
33%
all
32%
Just
26%
just
26%
get
24%
now
23%
Now
23%
down
21%
been
19%
away
17%
I've
17%
off
16%
under
15%
else
14%
eyes
13%
wanna
13%
anyone
12%
Anyone
12%
must
11%
nobody
10%
tree
10%
those
9%
true
9%
made
8%
sit
8%
somebody
7%
apple
6%
stars
6%
start
6%
afraid
4%
arms
4%
remember
4%
sure
4%
walking
4%
father
3%
Father
3%
lovers'
3%
mother
3%
Mother
3%
fade
2%
lane
2%
bound
1%
charms
1%
else's
1%
plans
1%
showing
1%
skies
1%
stray
1%
underneath
1%
writing
1%
wrote
1%
moonlit
0%
No matching quizzes found
Score Distribution
Percent of People with Each Score
Percentile by Number Answered
Your Score History
You have not taken this quiz